000 00621nam a22002057a 4500
999 _c12191
_d12191
003 AR-CdUCM
008 190408b ||||| |||| 00| 0 spa d
040 _aMUNICIPALIDAD PROVINCIAL DEL CUSCO
_cBIBLIOTECA MUNICIPAL DEL CUSCO
082 _aC / 869.56 /
_bSU92
100 _aSumar Pacha, Miguel
_929360
245 _aAribalo :
_bPoemas /
260 _aCusco :
_bGarcilaso,
_c1953.
300 _a28 páginas ;
_bretrato,
_c21 cm.
505 _aContenido: Poemas.
650 _aLiteratura Peruana
_9132
650 _aPoesía Cusqueña
_92323
650 _aSiglo XX
_98
942 _2ddc
_cLIBROS
945 _aachl
_d2019-04-08